Không gian và thời gian nghệ thuật trong Tây Du Kí của Ngô Thừa Ân

Không gian và thời gian nghệ thuật trong tiểu thuyết cổ điển Trung Quốc. Đặc điểm không gian và thời gian nghệ thuật trong Tây Du Ký.

Salvato in:
Dettagli Bibliografici
Autore principale: Trần, Thị Hoài Phương
Altri autori: Trần, Ái Vân Th.S (Hướng dẫn)
Natura: Libro
Lingua:Vietnamese
Pubblicazione: Đại học Đà Nẵng Trường Đại học Sư phạm 2009
Serie:Khóa luận tốt nghiệp Đại học. Chuyên ngành: Ngành Cử nhân Ngữ văn
Soggetti:
Tags: Aggiungi Tag
Nessun Tag, puoi essere il primo ad aggiungerne! !
Thư viện lưu trữ: Mạng thư viện Đại học Đà Nẵng
LEADER 01509nam a2200349 4500
001 000011040
003 7268
005 20120111080143.0
008 120111s2009 viesd
041 |a vie 
072 |a Khóa luận tốt nghiệp 
082 |a 895.1  |b TR-P 
100 1 |a Trần, Thị Hoài Phương 
245 1 |a Không gian và thời gian nghệ thuật trong Tây Du Kí của Ngô Thừa Ân  |c Trần, Thị Hoài Phương 
260 |a Đại học Đà Nẵng  |b Trường Đại học Sư phạm  |c 2009 
300 |a 70 tr.  |c 29 cm 
490 |a Khóa luận tốt nghiệp Đại học. Chuyên ngành: Ngành Cử nhân Ngữ văn 
500 |a Tài liệu tham khảo 69 tr. - 70 tr. 
520 |a Không gian và thời gian nghệ thuật trong tiểu thuyết cổ điển Trung Quốc. Đặc điểm không gian và thời gian nghệ thuật trong Tây Du Ký. 
653 |a Khóa luận tốt nghiệp Đại học 
653 |a Khoa Ngữ văn 
700 1 |a Trần, Ái Vân  |c Th.S  |e Hướng dẫn 
OWN |a LSP 
AVA |a UDN50  |b LSP  |d 895.1 TR-P  |e available  |t Error 5001 Not defined in file expand_doc_bib_avail.  |f 1  |g 0  |h N  |i 0  |k 1 
999 |a From the UDN01 
AVA |a UDN50  |b LSP  |d 895.1 TR-P  |e available  |t Error 5001 Not defined in file expand_doc_bib_avail.  |f 1  |g 0  |h N  |i 0  |k 1 
TYP |a Monograph 
TYP |a Printed language 
980 |a Mạng thư viện Đại học Đà Nẵng